000 00336nab a22001097u 4500
008 130520b2010 xxu||||| |||| 00| 0 spa d
041 _aspa
100 1 _aMoberly, R. W. L.
_947527
245 0 0 _aLeer y enseñar el Antiguo Testamento
_cR. W. L. Moberly
773 0 _tConcilium
_gnº335,2010,págs. 123-136
_x0210-1041
_wRev134
942 _cAR
999 _c414890
_d414890